Nicaragua: análisis interpretativo provisional
Zapisane w:
| Format: | Texto |
|---|---|
| Wydane: |
San José
|
| Etykiety: |
Dodaj etykietę
Nie ma etykietki, Dołącz pierwszą etykiete!
|
MARC
| LEADER | 00000 a a2200000 04500 | ||
|---|---|---|---|
| 001 | 20338 | ||
| 003 | |||
| 040 | |||
| 090 | |a 094900 | ||
| 245 | |a Nicaragua: análisis interpretativo provisional | ||
| 260 | |a San José | ||
| 300 | |a 36 p. | ||
| 999 | |c 13757 |d 13757 | ||
